Les plus grandes villes de Franche-Comté A-Z - Statistiques

Statistiques générales
  • Ce quiz a été pris 39 fois
  • Le résultat moyen est 8 sur 21
Statistiques - réponses
Lettre Population Ville % Correct
B 119 918 Besançon
100%
M 25 573 Montbéliard
85%
D 23 775 Dole
82%
P 17 849 Pontarlier
82%
L 17 043 Lons-le-Saunier
72%
V 15 130 Vesoul
67%
S 8 727 Saint-Claude
54%
H 10 478 Héricourt
51%
R 3 683 Les {Rousses}
46%
A 13 944 Audincourt
41%
C 8 000 Champagnole
31%
O 4 422 Ornans
28%
J 1 859 Jougne
13%
T 3 923 Tavaux
13%
G 5 857 Grand-Charmont
5%
I 260 Indevillers
3%
N 1 976 Noidans-lès-Vesoul
3%
E 3 715 Étupes
0%
F 3 780 Fougerolles-Saint-Valbert
0%
Q 1 380 Quincey
0%
U 179 Uzelle
0%
Aucun quiz correspondant
Distribution des résultats
% des personnes avec chaque résultat
Percentile par nombre de réponses
Votre historique - résultats
Vous n’avez pas pris ce quiz